000 00864cab a2200241 4500
001 ABS56775
008 090401t1997 xxu||||| |||| 00| 0 eng d
035 _a(Sirsi) u77355
041 _aeng
100 _aBrown, P.
245 _aAnswering the question - squaring the circle
260 _c1997
350 _a0
490 _aThe Impugner (RICS Rating Diploma Holders` Section)
_v2(2) March 1997, 18-37(20)
520 _aExamines the question "whether all valuation methods should produce the same answer". Reviews how contractor`s and profit bases came about through analysis of case law. Schedule of possible valuation approaches for different type of property.
650 _aCONTRACTOR`S BASE
650 _aHISTORY
650 _aPROFIT BASE
650 _aVALUATION METHODS
690 _aRATING AND VALUATION
942 _n0
948 _c25/03/1997
999 _c48632
_d48632